000 00873cab a2200265 4500
001 ABS59266
008 090401t1998 xxu||||| |||| 00| 0 eng d
035 _a(Sirsi) u88709
041 _aeng
100 _aFleming, Q,
245 _aProject teams: the role of the project office
260 _c1998
350 _a0
490 _aCost Engineering
_v40(8) August 1998, 33-36(4)
520 _aDiscusses the role of the project office, considers what they are, their traditional role and the role of the project office when a project manager uses the project-teams organisational approach.
650 _aORGANISATIONAL STRUCTURE
650 _aPROJECT MANAGER
650 _aPROJECT OFFICE
650 _aPROJECT TEAM
650 _aTEAMS APPROACH
690 _aBUILDING AND CONSTRUCTION-PROJECTS
700 _aKoppelman, J,
942 _n0
948 _c29/09/1998
999 _c56075
_d56075